Selling

Bibliographic Details
Main Author: Greene, Cynthia L.
Format: Book
Published: Australia : South Western Thomson Learning , 2003
Series:Business 2000
Subjects:

MARC

LEADER 00000cam a2200000 7i4500
001 0000066496
005 20040531.0
020 |a 0538431458 
090 0 0 |a 658.85   |b GRE 
100 1 |a Greene, Cynthia L. 
245 1 0 |a Selling   |c Cynthia L. Greene 
260 |a Australia :   |b South Western Thomson Learning ,   |c 2003 
300 |a 166p. :   |b ill. ;   |c 27cm. 
490 0 |a Business 2000 
650 0 0 |a Selling 
999 |a 00163934   |b BUKU   |c PINJAMAN   |e PERPUSTAKAAN KOMUNITI PETALING JAYA